Detalles MARC
| 000 -CABECERA |
| campo de control de longitud fija |
00992nam a2200217 a 4500 |
| 001 - NÚMERO DE CONTROL |
| campo de control |
000029016 |
| 003 - IDENTIFICADOR DEL NÚMERO DE CONTROL |
| campo de control |
OSt |
| 005 - FECHA Y HORA DE LA ÚLTIMA TRANSACCIÓN |
| campo de control |
20240229073936.0 |
| 008 - DATOS DE LONGITUD FIJA--INFORMACIÓN GENERAL |
| campo de control de longitud fija |
091124t1949 dr ac 000 0 spa d |
| 040 ## - FUENTE DE LA CATALOGACIÓN |
| Centro catalogador/agencia de origen |
DO-SdBNP |
| Lengua de catalogación |
spa |
| Centro/agencia transcriptor |
BNPHU |
| 082 #4 - NÚMERO DE LA CLASIFICACIÓN DECIMAL DEWEY |
| Número de clasificación |
F-RD 32 |
| Número de documento/Ítem |
22 |
| 100 1# - ENTRADA PRINCIPAL--NOMBRE DE PERSONA |
| Nombre de persona |
Trujillo Molina, Rafael Leónidas, |
| Fechas asociadas al nombre |
1891-1961 |
| 9 (RLIN) |
76764 |
| 245 10 - MENCIÓN DE TÍTULO |
| Título |
Mensaje dirigido al Congreso Nacional por el presidente de la República Dominicana, generalísimo Dr. Rafael Leónidas Trujillo Molina, el día 26 de Diciembre de 1949 / |
| Mención de responsabilidad, etc. |
Rafael Leónidas Trujillo Molina. |
| 260 ## - PUBLICACIÓN, DISTRIBUCIÓN, ETC. |
| Lugar de publicación, distribución, etc. |
Santo Domingo : |
| Nombre del editor, distribuidor, etc. |
Del Caribe, |
| Fecha de publicación, distribución, etc. |
[1949]. |
| 300 ## - DESCRIPCIÓN FÍSICA |
| Extensión |
15 p. : |
| Otras características físicas |
il., retr. ; |
| Dimensiones |
21 cm. |
| 650 #4 - PUNTO DE ACCESO ADICIONAL DE MATERIA--TÉRMINO DE MATERIA |
| Término de materia o nombre geográfico como elemento de entrada |
Discursos presidenciales |
| 9 (RLIN) |
10061 |
| 651 #4 - PUNTO DE ACCESO ADICIONAL DE MATERIA--NOMBRE GEOGRÁFICO |
| Nombre geográfico |
República Dominicana |
| Subdivisión general |
Historia |
| Subdivisión cronológica |
ERA DE TRUJILLO, 1930-1961 |
| Subdivisión general |
Ensayos, Conferencias, Etc. |
| 9 (RLIN) |
30520 |
| 651 #4 - PUNTO DE ACCESO ADICIONAL DE MATERIA--NOMBRE GEOGRÁFICO |
| Nombre geográfico |
República Dominicana |
| Subdivisión general |
Política Y Gobierno |
| Subdivisión cronológica |
ERA DE TRUJILLO, 1930-1961 |
| Subdivisión general |
Ensayos, Conferencias, Etc. |
| 9 (RLIN) |
30546 |
| 910 ## - DATOS DE OPCIÓN DEL USUARIO (OCLC) |
| Datos de opción del usuario |
Validado. Control de calidad EMS. |
| 942 ## - ELEMENTOS DE PUNTO DE ACCESO ADICIONAL (KOHA) |
| Fuente del sistema de clasificación o colocación |
Dewey Decimal Classification |
| Tipo de ítem Koha |
Libro |